Famous People from Zhejiang - Statistics

General Stats
  • This quiz has been taken 30 times
  • The average score is 5 of 16
Answer Stats
Picture Hint Answer % Correct
Entrepreneur / Hangzhou Jack Ma
88%
Former President of the ROC / Ningbo Chiang Kai-Shek
75%
Swimmer / Hangzhou Sun Yang
38%
Poet / Jiaxing Xu Zhimo
38%
Mandopop Idol / Wenzhou KUN
33%
Writer / Shaoxing Lu Xun
33%
Actress / Quzhou Zhou Xun
29%
Novelist / Jiaxing Jin Yong
25%
Swimmer / Hangzhou Fu Yuanhui
21%
Spy / Shaoxing Xi Shi
17%
Actress / Ningbo Xu Jiao
17%
Mandopop Idol / Wenzhou Justin
13%
K-pop Idol, Actress / Taizhou Kyulkyung
13%
Emperor / Hangzhou Sun Quan
13%
Minister of War / Hangzhou Yu Qian
13%
Buddhist Monk / Taizhou Ji Gong
8%
No matching quizzes found
Score Distribution
Percent of People with Each Score
Percentile by Number Answered
Your Score History
You have not taken this quiz